|
|
|
|
| LEADER |
00000nas a2200000 i 4500 |
| 001 |
vtls008881925 |
| 003 |
SK-MaSNL |
| 005 |
20260228162223.0 |
| 008 |
160627c19659999CZ qr par 0 0 b0czeod |
| 035 |
|
|
|a (SVKBB03)vtls000107289
|
| 040 |
|
|
|a ŠVK Banská Bystrica
|
| 041 |
0 |
|
|a cze
|
| 080 |
|
|
|a 502.7(05)
|
| 245 |
0 |
0 |
|a Ochrana rostlin
|b Vědecký časopis
|
| 247 |
1 |
0 |
|a Sborník ÚVTI
|b Ochrana rostlin
|f 1965-1975
|
| 247 |
1 |
0 |
|a Sborník ÚVTIZ
|b Ochrana rostlin
|f 1976-1990
|
| 260 |
|
|
|a Praha
|b Česká akademie zemědělských věd
|c 1965-
|
| 300 |
|
|
|c 25 cm
|
| 310 |
|
|
|a štvrťročne
|
| 550 |
|
|
|a 1965 vydáva ÚVTI, Praha
|
| 550 |
|
|
|a 1966-1967 vydáva ÚVTI Ministerstva zemědělství a lesního hospodářství, Praha
|
| 550 |
|
|
|a 1968-1975 vydáva ÚVTI, Praha
|
| 550 |
|
|
|a 1976-1990 vydáva ÚVTI pro zemědělství, Praha
|
| 550 |
|
|
|a 1991-1995 vydáva Československá akademie zemědělská - Ústav vědeckotechnických informací pro zemědělství, Praha
|
| 550 |
|
|
|a 1996- vydáva Česká akademie zemědělských věd - Ústav zemědělských a potravinářských informací, Praha
|
| 710 |
2 |
|
|a Ministerstvo zemědělství a lesního hospodářství.
|b Ústav vědeckotechnických informací
|4 pbl
|9 270587
|
| 710 |
2 |
|
|a Ústav vedeckotechnických informací pro zemědělství
|4 pbl
|9 250716
|
| 710 |
2 |
|
|a Česká akademie zemědělských věd.
|b Ústav zemědělských a potravinářských informací
|9 270588
|
| 785 |
0 |
0 |
|t Plant Protection Science
|
| 852 |
|
|
|a Štátna vedecká knižnica v Banskej Bystrici
|
| 999 |
|
|
|c 7171
|d 9101
|
| 952 |
|
|
|0 0
|1 1
|3 Rekatalogizácia
|4 0
|7 0
|a SNK
|b SNK
|d 2006-03-08
|i snkČIP 599/78
|l 0
|o snkČC 2320/13/1977
|p 17A0500370
|r 2026-02-21 19:47:15
|t č. 1-4
|w 2026-02-21
|y PREZ
|
| 952 |
|
|
|0 0
|1 1
|4 0
|7 0
|a SNK
|b SNK
|d 2006-03-08
|i snkČIP 371/87
|l 0
|o snkČC 2320/22(59)/1986
|p 17A0500371
|r 2026-02-21 19:47:15
|t č. 1-4
|w 2026-02-21
|y PREZ
|
| 952 |
|
|
|0 0
|1 1
|4 0
|7 0
|a SNK
|b SNK
|d 2006-03-08
|i snkČIP 2204/82
|l 0
|o snkČC 2320/18/1982
|p 17A0500261
|r 2026-02-21 19:47:15
|t č. 1-4
|w 2026-02-21
|y PREZ
|
| 952 |
|
|
|0 0
|1 1
|3 rekatalogizácia
|4 0
|7 0
|a SNK
|b SNK
|d 2006-03-08
|i snkČIP 39/91
|l 0
|o snkČC 2320/25(62)/1989
|p 17A0500246
|r 2026-02-21 19:47:21
|t č. 1-4
|w 2026-02-21
|y PREZ
|
| 952 |
|
|
|0 0
|1 1
|3 rekatalogizácia
|4 0
|7 0
|a SNK
|b SNK
|d 2006-03-08
|i snkČIP 2107/88
|l 0
|o snkČC 2320/23(60)/1987
|p 17A0500307
|r 2026-02-21 19:47:21
|t č. 1-4
|w 2026-02-21
|y PREZ
|
| 952 |
|
|
|0 0
|1 1
|4 0
|7 0
|a SNK
|b SNK
|d 2006-03-08
|i snkČIP 3838/76
|l 0
|o snkČC 2320/13/1975
|p 17A0500457
|r 2026-02-21 20:16:43
|t č. 1-4
|w 2026-02-21
|y PREZ
|